000 00595nam a2200217Ia 4500
005 20240220092944.0
008 131103s9999 xx 000 0 und d
020 _a9.79E+12
_cRs.790.00
040 _aLoreto College
041 _aEnglish
082 _a370.954
_bALT
100 _aAltekar,A.S.
245 _aEducation in Ancient India,
_cA.S.Altekar
260 _aDelhi
_bIsha Books
_c2009
300 _avi,386 p.
504 _aIncludes bibliography and index
650 _aEducation - India - Early age
651 _aIndia - Education - Early age
850 _aLCLIB
942 _cBK
999 _c36179
_d86658